000 00702nam a2200241 i 4500
001 C2-0105741
003 PPAK
005 20180727101619.0
008 970611s1994 io |||| ||||| | may d
020 _a9795410504
040 _aPPAK
_beng
_cPPAK
_erda
082 0 4 _a297.124
_223
090 0 0 _a297.124
_bAZA
_dG
100 1 _aAzami, Muhammad Mustafa,
_eauthor
245 1 0 _aHadis Nabawi dan sejarah kondifikasinya
264 1 _aJakarta, Indonesia :
_bPT Pustaka Firdaus ,
_c1994
300 _axxviii, 701 pages ;
_c21 cm
336 _2rdacontent
_atext
337 _2rdamedia
_aunmediated
338 _2rdacarrier
_avolume
650 1 0 _aHadith - Criticism, interpretation, etc.
942 _ddc
_cB
999 _c25605
_d25605